Netherlands OECD environmental performance reviews

Na minha lista:
Detalhes bibliográficos
Formato: Livro
Idioma:inglês
Publicado em: Paris OECD 2003
Assuntos:
Tags: Adicionar Tag
Sem tags, seja o primeiro a adicionar uma tag!

MARC

LEADER 00000nam a2200000 4500
001 0018008
005 20240315120948.2
020 |a 92-64-10099-7 
041 0 |a eng 
044 |a FR 
245 1 0 |a Netherlands  |b OECD environmental performance reviews 
264 1 |a Paris  |b OECD  |c 2003 
300 |a 247 s. 
610 2 0 |a Holandsko 
610 2 0 |a prostredie životné 
610 2 0 |a ekonomika environmentálna 
610 2 0 |a rozvoj trvalo udržateľný 
610 2 0 |a politika environmentálna 
610 2 0 |a ochrana prostredia životného 
610 2 0 |a ekológia 
610 2 0 |a spolupráca medzinárodná